000 00542cam a2200181 4500500
005 20260329002843.0
041 _afre
042 _adc
100 1 0 _aBarton, Adrien
_eauthor
245 0 0 _aUn long fleuve (pas si) tranquille
260 _c2013.
500 _a71
690 _aAdrien Barton
690 _aDilemme
690 _aParenté
786 0 _nPhilosophie magazine | 75 | 12 | 2013-12-01 | p. 85-85 | 1951-1787
856 4 1 _uhttps://shs.cairn.info/magazine-philosophie-magazine-2013-12-page-85?lang=fr&redirect-ssocas=7080
999 _c1819015
_d1819015